MARC

LEADER 00000nam0a2200000 4500
001 117086
005 20231031123537.0
010 |a 5247006917 
020 |a RU  |b 89-68061 
035 |a (RuTPU)RU\TPU\book\126713 
090 |a 117086 
100 |a 20070530d1989 km y0rusy5003 ca 
101 0 |a rus 
102 |a RU 
105 |a a z 001zy 
200 1 |a Электрификация блочно-комплектных установок нефтяной промышленности  |f С. И. Бак, С. П. Читипаховян 
210 |a Москва  |c Недра  |d 1989 
215 |a 183 с.  |c ил. 
320 |a Библиогр.: с. 182 (9 назв.). 
610 1 |a нефтепромысловое электрооборудование 
610 1 |a нефтепроводы магистральные 
610 1 |a насосные станции блочные 
610 1 |a насосные установки 
610 1 |a насосное хозяйство 
610 1 |a электроснабжение 
610 1 |a трансформаторные подстанции 
610 1 |a нефтепромыслы 
610 1 |a токоприемники 
610 1 |a релейная защита 
675 |a 622.276.05  |z rus 
675 |a 622.692.4.052  |z rus 
700 1 |a Бак  |b С. И.  |g Семен Иосифович  |4 070 
701 1 |a Читипаховян  |b С. П.  |g Степан Павлович  |4 070 
801 0 |a RU  |b RuMRKP  |c 19950417  |g psbo 
801 1 |a RU  |b 63413507  |c 20070530  |g PSBO 
801 2 |a RU  |b 63413507  |c 20081005  |g PSBO 
942 |c BK